| 000 | 00672nam a2200217 i 4500 | ||
|---|---|---|---|
| 001 | 86798 | ||
| 003 | ES-MaACL | ||
| 005 | 20250208063125.0 | ||
| 007 | t| | ||
| 008 | 041215s1948 sp ||||1| spa d | ||
| 100 | 1 |
_aKipling, Rudyard, _d1865-1936 _968087 |
|
| 245 | 1 | 0 |
_aLímites y horizontes / _cRudyard Kipling ; [traducción del inglés por Luys Santa Marina]. |
| 250 | _a[1ª ed.]. | ||
| 260 |
_aBarcelona : _bL.A.R.A., _c[1948] ( _fTip. Catalana) |
||
| 300 |
_a326 p. ; _c20 cm. |
||
| 490 | 1 | _aHorizonte | |
| 700 | 1 |
_aSanta Marina, Luys. _9103247 |
|
| 830 | 0 |
_aHorizonte _9180916 |
|
| 852 |
_aES-MaACL _jE-531 _bR.28489 |
||
| 999 |
_c86798 _d86798 |
||